000 00481cam a22001457a 4500
008 180718b2004 xxu||||| |||| 00| 0 eng d
082 _aA81x54 01/11TH
100 _aCensus of India 2001
245 _aBihar: tables on houses, household amenities and assets
260 _aDelhi
_bThe Controller of Publications
_c2004
300 _a2v
440 _aCensus of India 2001. Series-11, Bihar
500 _aContents: v.1. 798p.;v.2. 666p.
650 _aHousehold surveys - India - Bihar
999 _c489590
_d489590